Julio Rosado del Valle (Record no. 1748)
[ view plain ]
| 000 - LÍDER | |
|---|---|
| campo de control de longitud fija | 01007nam a2200205Ia 4500 |
| 008 - ELEMENTOS DE DATOS DE LONGITUD FIJA - INFORMACIÓN GENERAL | |
| campo de control de longitud fija | 0000001989 pr a 0000000000spa00 |
| 090 ## - NÚMERO DE LLAMADA DE TIPO LC LOCALMENTE ASIGNADO (OCLC) | |
| Número de clasificación (OCLC) (R) | PPR00 R67j |
| 100 1# - ENTRADA PRINCIPAL - NOMBRE PERSONAL | |
| Nombre de la persona | Rosado del Valle, Julio |
| Fechas asociadas a un nombre | 1922 |
| 245 10 - TÍTULO DECLARACIÓN | |
| Título | Julio Rosado del Valle |
| Resto del título | : 1980 - 1988 |
| Declaración de responsabilidad | / editor Fernándo Cros ; curadora María E. Somoza ; fotografías Eric Borcherding |
| 260 ## - PUBLICACIÓN, DISTRIBUCIÓN | |
| Lugar de publicación | San Juan (Puerto Rico) : Museo de Arte Contemporáneo de Puerto Rico |
| Fecha de publicación | 1989 |
| 300 ## - DESCRIPCIÓN FÍSICA | |
| Alcance | 57 p. |
| Dimensiones | / 22 cm. |
| 500 ## - NOTA GENERAL | |
| Nota general | Exposición realizada en Universidad del Sagrado Corazón, Saturce (Puerto Rico), Octubre 20, 1988 Febrero 20, 1989 \ Con el patronazgo del maestro venezolano Jesús Rafael Soto (q.e.p.d.) |
| 600 00 - ENTRADA DE SUJETO AÑADIDO - NOMBRE PERSONAL | |
| Nombre de la persona | ROSADO DEL VALLE, JULIO, 19222008/ |
| Subdivisión general | TRABAJOS PICTORICOS |
| 650 14 - ENTRADA DE SUJETO AÑADIDO - TÉRMINO TÓPICO | |
| Término tópico o elemento de entrada del nombre geográfico | ARTE CONTEMPORANEO PUERTORRIQUEÑO |
| 650 14 - ENTRADA DE SUJETO AÑADIDO - TÉRMINO TÓPICO | |
| Subdivisión general | CATALOGOS |
| 650 14 - ENTRADA DE SUJETO AÑADIDO - TÉRMINO TÓPICO | |
| Subdivisión general | EXPOSICIONES |
| 650 14 - ENTRADA DE SUJETO AÑADIDO - TÉRMINO TÓPICO | |
| Término tópico o elemento de entrada del nombre geográfico | PINTORES PUERTORRIQUEÑOS |
| 650 14 - ENTRADA DE SUJETO AÑADIDO - TÉRMINO TÓPICO | |
| Término tópico o elemento de entrada del nombre geográfico | PINTURA PUERTORRIQUEÑA |
| 700 1# - ENTRADA AGREGADA - NOMBRE PERSONAL | |
| Nombre de la persona | Cros, Fernando, ed. \ Somoza, María E. \ Borcherding, Eric |
| Estado de retirada | Pérdida de estatus | Estado dañado | No para préstamo | Código de recogida | Ubicación permanente | Ubicación actual | Ubicación de las estanterías | Fecha de adquisición | Número de llamada completo | Código de barras | Fecha de la última vez que se vio | Número de copia | Precio efectivo desde | Tipo de artículo Koha |
|---|---|---|---|---|---|---|---|---|---|---|---|---|---|---|
| General | ArtNexus | ArtNexus | General | 06/09/2022 | P-PR-00 R67J | 1748 | 06/09/2022 | Ej.1 | 06/09/2022 | Libro |